| 000 | 00674 a2200181 4500 | ||
|---|---|---|---|
| 999 |
_c8108 _d8108 |
||
| 020 | _a0194370771 | ||
| 050 | 0 | 0 | _aP51WID 1978 |
| 100 | 1 |
_aWiddowson, H. G. _eauthor |
|
| 245 | 1 | 0 |
_aTeaching language as communication / _cH. G. Widdowson. |
| 264 |
_aOxford: _boxford university press., _c1978 |
||
| 300 |
_axi, 168 p. : _bill. ; |
||
| 500 | _aIncludes bibliographical references and index. | ||
| 504 | _aIncludes bibliographical references and index. | ||
| 650 | 0 |
_aLanguage and languages _xStudy and teaching. |
|
| 650 | 0 | _aDiscourse analysis. | |
| 856 | 4 | 2 |
_3Publisher description _uhttp://www.loc.gov/catdir/enhancements/fy1409/79310636-d.html |
| 942 |
_2lcc _cBK _h51 _iWID _kP |
||